[Event "9 Round Open"]
[Site "Enniscrone, Sligo, IE"]
[Date "2026.02.07"]
[Round "8"]
[White "Bartczak, Korneliusz"]
[Black "Machin Arbelo, Pedro Alexis"]
[Result "1-0"]
[Board "7"]
[WhiteFideId "2523558"]
[BlackFideId "2260972"]
[WhiteElo "2077"]
[BlackElo "1950"]
[WhiteTeam "IRL"]
[BlackTeam "ESP"]
[WhiteClock "0:02:32"]
[BlackClock "0:00:57"]
[Variant "Standard"]

1. e4 {[%clk 1:30:56]}  c5 {[%clk 1:30:54]} 2. Nf3 {[%clk 1:31:21]}  e6 {[%clk 1:31:05]} 3. d4 {[%clk 1:31:45]}  cxd4 {[%clk 1:31:30]} 4. Nxd4 {[%clk 1:32:11]}  Nf6 {[%clk 1:31:52]} 5. Nc3 {[%clk 1:32:34]}  Nc6 {[%clk 1:32:18]} 6. Ndb5 {[%clk 1:32:57]}  Bb4 {[%clk 1:32:28]} 7. a3 {[%clk 1:33:22]}  Bxc3+ {[%clk 1:32:41]} 8. Nxc3 {[%clk 1:33:48]}  d5 {[%clk 1:32:53]} 9. exd5 {[%clk 1:34:12]}  exd5 {[%clk 1:33:06]} 10. Bd3 {[%clk 1:34:38]}  O-O {[%clk 1:32:22]} 11. O-O {[%clk 1:34:46]}  d4 {[%clk 1:31:29]} 12. Ne2 {[%clk 1:34:59]}  Bg4 {[%clk 1:31:33]} 13. f3 {[%clk 1:34:32]}  Bh5 {[%clk 1:31:41]} 14. Bg5 {[%clk 1:27:55]}  Qd6 {[%clk 1:25:57]} 15. Qd2 {[%clk 1:21:53]}  Rad8 {[%clk 1:21:34]} 16. Rad1 {[%clk 1:13:35]}  Bg6 {[%clk 1:10:40]} 17. Bxg6 {[%clk 1:11:45]}  hxg6 {[%clk 1:10:18]} 18. Be3 {[%clk 1:05:44]}  Rfe8 {[%clk 0:58:40]} 19. Bf2 {[%clk 1:04:15]}  d3 {[%clk 0:35:39]} 20. cxd3 {[%clk 1:03:42]}  Ne5 {[%clk 0:34:00]} 21. Nc1 {[%clk 0:55:31]}  Nc4 {[%clk 0:27:31]} 22. Qc2 {[%clk 0:51:31]}  Ne3 {[%clk 0:27:03]} 23. Bxe3 {[%clk 0:51:52]}  Rxe3 {[%clk 0:27:28]} 24. Rfe1 {[%clk 0:46:47]}  Nd5 {[%clk 0:27:09]} 25. Qf2 {[%clk 0:37:40]}  Rde8 {[%clk 0:25:10]} 26. Rxe3 {[%clk 0:35:02]}  Rxe3 {[%clk 0:24:30]} 27. Ne2 {[%clk 0:25:41]}  Qb6 {[%clk 0:19:37]} 28. Ng3 {[%clk 0:18:04]}  Nf4 {[%clk 0:12:44]} 29. d4 {[%clk 0:15:21]}  Rd3 {[%clk 0:11:08]} 30. Rd2 {[%clk 0:12:10]}  Qa5 {[%clk 0:04:39]} 31. Rxd3 {[%clk 0:10:30]}  Nxd3 {[%clk 0:05:07]} 32. Qe2 {[%clk 0:10:22]}  Nf4 {[%clk 0:04:02]} 33. Qd1 {[%clk 0:09:52]}  Qb5 {[%clk 0:01:07]} 34. Qc2 {[%clk 0:07:07]}  Qb6 {[%clk 0:01:03]} 35. Qd2 {[%clk 0:06:57]}  g5 {[%clk 0:01:30]} 36. h3 {[%clk 0:05:58]}  f6 {[%clk 0:01:27]} 37. Kh2 {[%clk 0:05:37]}  Qc7 {[%clk 0:00:42]} 38. Qc3 {[%clk 0:02:25]}  Qd7 {[%clk 0:00:39]} 39. Qc4+ {[%clk 0:02:06]}  Kh7 {[%clk 0:00:59]} 40. Qc2+ {[%clk 0:01:53]}  Kg8 {[%clk 0:01:19]} 41. Qe4 {[%clk 0:01:41]}  Nd5 {[%clk 0:00:43]} 42. b4 {[%clk 0:00:40]}  Nc3 {[%clk 0:00:49]} 43. Qd3 {[%clk 0:00:45]}  Nb5 {[%clk 0:00:03]} 44. Qb3+ {[%clk 0:00:42]}  Kh7 {[%clk 0:00:52]} 45. d5 {[%clk 0:00:56]}  Nc7 {[%clk 0:00:59]} 46. Qd3+ {[%clk 0:01:14]}  g6 {[%clk 0:00:59]} 47. Ne4 {[%clk 0:01:24]}  Kg7 {[%clk 0:01:05]} 48. d6 {[%clk 0:01:39]}  Ne8 {[%clk 0:01:10]} 49. Qd4 {[%clk 0:01:51]}  b6 {[%clk 0:00:57]} 50. b5 {[%clk 0:01:33]}  Kh6 {[%clk 0:00:34]} 51. a4 {[%clk 0:01:45]}  Kh7 {[%clk 0:00:33]} 52. Nxf6+ {[%clk 0:02:04]}  Nxf6 {[%clk 0:00:57]} 53. Qxf6 {[%clk 0:02:32]} 1-0

[Event "9 Round Open"]
[Site "Enniscrone, Sligo, IE"]
[Date "2026.02.07"]
[Round "8"]
[White "McGill, Derek"]
[Black "Rosol, Philip"]
[Result "0-1"]
[Board "8"]
[WhiteFideId "2510375"]
[BlackFideId "1664905"]
[WhiteElo "1853"]
[BlackElo "2271"]
[WhiteTeam "IRL"]
[BlackTeam "POL"]
[WhiteClock "0:16:07"]
[BlackClock "0:35:28"]
[Variant "Standard"]

1. c4 {[%clk 1:30:41]}  e6 {[%clk 1:30:53]} 2. g3 {[%clk 1:28:29]}  d5 {[%clk 1:31:14]} 3. cxd5 {[%clk 1:24:32]}  exd5 {[%clk 1:31:39]} 4. d4 {[%clk 1:24:12]}  Nf6 {[%clk 1:31:32]} 5. Nc3 {[%clk 1:24:17]}  c6 {[%clk 1:29:45]} 6. Bg2 {[%clk 1:23:05]}  Bd6 {[%clk 1:29:13]} 7. Qc2 {[%clk 1:18:19]}  Na6 {[%clk 1:27:01]} 8. a3 {[%clk 1:17:35]}  O-O {[%clk 1:27:04]} 9. Bf4 {[%clk 1:06:35]}  Bxf4 {[%clk 1:25:12]} 10. gxf4 {[%clk 1:06:48]}  Nh5 {[%clk 1:19:20]} 11. e3 {[%clk 1:04:53]}  Re8 {[%clk 1:19:44]} 12. O-O-O {[%clk 1:02:09]}  b5 {[%clk 1:18:36]} 13. Na2 {[%clk 0:44:37]}  Qd6 {[%clk 1:05:22]} 14. b4 {[%clk 0:37:37]}  g6 {[%clk 0:57:26]} 15. Bf1 {[%clk 0:36:21]}  Nc7 {[%clk 0:54:30]} 16. Qc5 {[%clk 0:33:00]}  Qf6 {[%clk 0:53:58]} 17. Bd3 {[%clk 0:31:23]}  a5 {[%clk 0:51:27]} 18. Kb2 {[%clk 0:30:53]}  axb4 {[%clk 0:45:41]} 19. Nxb4 {[%clk 0:28:28]}  Bd7 {[%clk 0:45:34]} 20. Ne2 {[%clk 0:26:58]}  Na6 {[%clk 0:41:39]} 21. Nxa6 {[%clk 0:26:06]}  Rxa6 {[%clk 0:42:04]} 22. Nc3 {[%clk 0:25:25]}  Rb8 {[%clk 0:38:12]} 23. Ra1 {[%clk 0:21:31]}  Ng7 {[%clk 0:37:43]} 24. Kc2 {[%clk 0:17:55]}  Bf5 {[%clk 0:37:31]} 25. Rhb1 {[%clk 0:16:53]}  Ne6 {[%clk 0:35:09]} 26. Qd6 {[%clk 0:16:07]}  Nxd4+ {[%clk 0:35:28]} 0-1

[Event "9 Round Open"]
[Site "Enniscrone, Sligo, IE"]
[Date "2026.02.07"]
[Round "8"]
[White "Webb, Nick"]
[Black "Stokes, Stephen"]
[Result "1/2-1/2"]
[Board "9"]
[WhiteFideId "2517302"]
[BlackFideId "2503530"]
[WhiteElo "1876"]
[BlackElo "1875"]
[WhiteTeam "IRL"]
[BlackTeam "IRL"]
[WhiteClock "0:44:15"]
[BlackClock "0:47:10"]
[Variant "Standard"]

1. Nf3 {[%clk 1:30:30]}  d5 {[%clk 1:30:12]} 2. c4 {[%clk 1:30:47]}  e6 {[%clk 1:28:37]} 3. g3 {[%clk 1:30:16]}  Nf6 {[%clk 1:28:25]} 4. Bg2 {[%clk 1:30:17]}  Be7 {[%clk 1:28:06]} 5. O-O {[%clk 1:29:49]}  O-O {[%clk 1:28:20]} 6. d4 {[%clk 1:29:13]}  dxc4 {[%clk 1:28:24]} 7. Qc2 {[%clk 1:28:50]}  a6 {[%clk 1:28:24]} 8. Nbd2 {[%clk 1:27:54]}  Nc6 {[%clk 1:24:55]} 9. Qxc4 {[%clk 1:26:16]}  Qd5 {[%clk 1:24:07]} 10. a3 {[%clk 1:22:08]}  b5 {[%clk 1:14:36]} 11. Qd3 {[%clk 1:20:37]}  Bb7 {[%clk 1:13:26]} 12. Ne5 {[%clk 1:11:48]}  Nxe5 {[%clk 1:12:12]} 13. Bxd5 {[%clk 1:11:29]}  Nxd3 {[%clk 1:12:25]} 14. Bxb7 {[%clk 1:11:27]}  Rab8 {[%clk 1:12:29]} 15. Bxa6 {[%clk 1:06:03]}  Nxc1 {[%clk 1:04:54]} 16. Rfxc1 {[%clk 1:04:00]}  Rb6 {[%clk 1:05:08]} 17. Rxc7 {[%clk 1:03:48]}  Bd6 {[%clk 1:05:30]} 18. Ra7 {[%clk 1:00:28]}  Bb8 {[%clk 1:04:59]} 19. Ra8 {[%clk 1:00:07]}  Nd5 {[%clk 1:03:51]} 20. Rc1 {[%clk 0:54:12]}  Nc7 {[%clk 1:02:47]} 21. Rxb8 {[%clk 0:51:05]}  Rfxb8 {[%clk 1:02:07]} 22. Rxc7 {[%clk 0:51:20]}  Rxa6 {[%clk 1:02:09]} 23. Ne4 {[%clk 0:51:16]}  h6 {[%clk 0:55:49]} 24. Nc5 {[%clk 0:51:08]}  Rd6 {[%clk 0:54:12]} 25. e3 {[%clk 0:50:51]}  Rd5 {[%clk 0:52:05]} 26. Kg2 {[%clk 0:48:37]}  Re8 {[%clk 0:50:58]} 27. f4 {[%clk 0:48:05]}  f6 {[%clk 0:50:01]} 28. Nd3 {[%clk 0:43:48]}  Kf8 {[%clk 0:48:00]} 29. Kf3 {[%clk 0:43:40]}  Re7 {[%clk 0:47:41]} 30. Rc8+ {[%clk 0:43:38]}  Re8 {[%clk 0:46:53]} 31. Rc7 {[%clk 0:43:53]}  Re7 {[%clk 0:47:10]} 32. Rc8+ {[%clk 0:44:15]} 1/2-1/2

[Event "9 Round Open"]
[Site "Enniscrone, Sligo, IE"]
[Date "2026.02.07"]
[Round "8"]
[White "Halvorsen, Benjamin"]
[Black "Alvarez Jimenez, Alfonso"]
[Result "1-0"]
[Board "10"]
[WhiteFideId "1516604"]
[BlackFideId "2297418"]
[WhiteElo "2007"]
[BlackElo "1868"]
[WhiteTeam "NOR"]
[BlackTeam "ESP"]
[WhiteClock "0:46:55"]
[BlackClock "0:31:09"]
[Variant "Standard"]

1. e4 {[%clk 1:30:58]}  c5 {[%clk 1:28:20]} 2. Nf3 {[%clk 1:31:21]}  d6 {[%clk 1:28:43]} 3. d4 {[%clk 1:31:41]}  cxd4 {[%clk 1:29:05]} 4. Nxd4 {[%clk 1:32:06]}  Nf6 {[%clk 1:29:28]} 5. Nc3 {[%clk 1:32:32]}  g6 {[%clk 1:29:50]} 6. Be3 {[%clk 1:32:52]}  Bg7 {[%clk 1:30:13]} 7. f3 {[%clk 1:33:16]}  O-O {[%clk 1:30:38]} 8. Qd2 {[%clk 1:33:40]}  Nc6 {[%clk 1:31:01]} 9. O-O-O {[%clk 1:33:22]}  Bd7 {[%clk 1:31:19]} 10. g4 {[%clk 1:33:15]}  Rc8 {[%clk 1:25:21]} 11. h4 {[%clk 1:29:38]}  h5 {[%clk 1:23:54]} 12. g5 {[%clk 1:26:13]}  Ne8 {[%clk 1:19:43]} 13. f4 {[%clk 1:19:05]}  Nb4 {[%clk 1:10:57]} 14. Kb1 {[%clk 1:17:20]}  Bg4 {[%clk 1:02:37]} 15. Be2 {[%clk 1:14:44]}  Bxe2 {[%clk 0:55:42]} 16. Ndxe2 {[%clk 1:14:19]}  Nc6 {[%clk 0:50:23]} 17. f5 {[%clk 1:07:38]}  Ne5 {[%clk 0:48:42]} 18. Qd5 {[%clk 0:57:00]}  Nc4 {[%clk 0:40:53]} 19. Bd4 {[%clk 0:54:42]}  Bxd4 {[%clk 0:37:17]} 20. Rxd4 {[%clk 0:47:59]}  Rc5 {[%clk 0:31:09]} 21. Qxc5 {[%clk 0:46:55]} 1-0

[Event "9 Round Open"]
[Site "Enniscrone, Sligo, IE"]
[Date "2026.02.07"]
[Round "8"]
[White "Gulljord, Birk"]
[Black "Fathallah, Joe"]
[Result "1/2-1/2"]
[Board "11"]
[WhiteFideId "1542753"]
[BlackFideId "1801899"]
[WhiteElo "1923"]
[BlackElo "1956"]
[WhiteTeam "NOR"]
[BlackTeam "WLS"]
[WhiteClock "0:01:23"]
[BlackClock "0:01:37"]
[Variant "Standard"]

1. d4 {[%clk 1:30:58]}  Nf6 {[%clk 1:30:50]} 2. c4 {[%clk 1:31:16]}  e6 {[%clk 1:31:14]} 3. Nf3 {[%clk 1:31:40]}  Bb4+ {[%clk 1:31:39]} 4. Bd2 {[%clk 1:32:03]}  c5 {[%clk 1:32:01]} 5. Bxb4 {[%clk 1:29:12]}  cxb4 {[%clk 1:32:25]} 6. g3 {[%clk 1:27:42]}  O-O {[%clk 1:31:15]} 7. Bg2 {[%clk 1:27:16]}  d5 {[%clk 1:30:45]} 8. Nbd2 {[%clk 1:12:06]}  Nc6 {[%clk 1:29:54]} 9. e3 {[%clk 1:09:54]}  Qe7 {[%clk 1:24:27]} 10. O-O {[%clk 1:08:44]}  Rd8 {[%clk 1:22:58]} 11. Qc2 {[%clk 1:04:55]}  a5 {[%clk 1:18:12]} 12. a3 {[%clk 1:03:02]}  bxa3 {[%clk 1:14:56]} 13. Rxa3 {[%clk 1:01:16]}  Bd7 {[%clk 1:09:22]} 14. Ne5 {[%clk 0:42:03]}  Nxe5 {[%clk 1:04:37]} 15. dxe5 {[%clk 0:42:31]}  Ng4 {[%clk 1:04:37]} 16. Qc3 {[%clk 0:37:56]}  Qc5 {[%clk 0:53:42]} 17. h3 {[%clk 0:29:45]}  Nh6 {[%clk 0:53:42]} 18. cxd5 {[%clk 0:29:54]}  Qxc3 {[%clk 0:53:46]} 19. bxc3 {[%clk 0:30:17]}  exd5 {[%clk 0:53:29]} 20. g4 {[%clk 0:26:50]}  Ra7 {[%clk 0:49:59]} 21. Nb3 {[%clk 0:23:23]}  b6 {[%clk 0:48:58]} 22. Nd4 {[%clk 0:23:26]}  Rc7 {[%clk 0:43:02]} 23. Rb1 {[%clk 0:23:04]}  Re8 {[%clk 0:34:26]} 24. f4 {[%clk 0:22:31]}  Bxg4 {[%clk 0:33:16]} 25. hxg4 {[%clk 0:21:33]}  Nxg4 {[%clk 0:33:38]} 26. Nf5 {[%clk 0:19:09]}  g6 {[%clk 0:32:40]} 27. Nd6 {[%clk 0:19:25]}  Rb8 {[%clk 0:32:44]} 28. Bxd5 {[%clk 0:18:38]}  Nxe3 {[%clk 0:31:15]} 29. Bxf7+ {[%clk 0:15:52]}  Rxf7 {[%clk 0:30:47]} 30. Nxf7 {[%clk 0:16:14]}  Kxf7 {[%clk 0:31:14]} 31. Rxa5 {[%clk 0:16:34]}  Ke6 {[%clk 0:30:29]} 32. Ra6 {[%clk 0:15:41]}  Nd5 {[%clk 0:24:56]} 33. c4 {[%clk 0:10:43]}  Nxf4 {[%clk 0:24:42]} 34. c5 {[%clk 0:11:03]}  Kxe5 {[%clk 0:22:54]} 35. cxb6 {[%clk 0:08:03]}  Kd6 {[%clk 0:22:32]} 36. b7+ {[%clk 0:08:18]}  Kc7 {[%clk 0:22:44]} 37. Ra4 {[%clk 0:08:28]}  Ne6 {[%clk 0:20:31]} 38. Rc4+ {[%clk 0:08:41]}  Kd7 {[%clk 0:20:41]} 39. Rd1+ {[%clk 0:07:16]}  Ke7 {[%clk 0:20:59]} 40. Rb4 {[%clk 0:05:32]}  Ng5 {[%clk 0:13:31]} 41. Rd5 {[%clk 0:03:01]}  Nf7 {[%clk 0:12:49]} 42. Rc5 {[%clk 0:01:14]}  Kd7 {[%clk 0:09:02]} 43. Rd4+ {[%clk 0:01:30]}  Ke6 {[%clk 0:08:21]} 44. Rc6+ {[%clk 0:00:58]}  Ke7 {[%clk 0:07:04]} 45. Rc7+ {[%clk 0:01:25]}  Ke6 {[%clk 0:07:16]} 46. Rdd7 {[%clk 0:01:18]}  Nd6 {[%clk 0:07:11]} 47. Rxh7 {[%clk 0:01:00]}  Kf6 {[%clk 0:07:01]} 48. Rhd7 {[%clk 0:01:14]}  Ke6 {[%clk 0:07:26]} 49. Kg2 {[%clk 0:01:17]}  Kd5 {[%clk 0:06:17]} 50. Kf3 {[%clk 0:00:38]}  Rf8+ {[%clk 0:05:12]} 51. Ke2 {[%clk 0:01:05]}  Rb8 {[%clk 0:05:07]} 52. Kd1 {[%clk 0:00:40]}  Ke6 {[%clk 0:05:06]} 53. Kc2 {[%clk 0:00:35]}  Ke5 {[%clk 0:04:00]} 54. Kb3 {[%clk 0:00:40]}  Ke6 {[%clk 0:04:10]} 55. Kb4 {[%clk 0:00:41]}  g5 {[%clk 0:03:51]} 56. Kc5 {[%clk 0:00:34]}  Ne4+ {[%clk 0:00:57]} 57. Kb6 {[%clk 0:00:37]}  Nd6 {[%clk 0:00:31]} 58. Rxd6 {[%clk 0:00:50]}  Kxd6 {[%clk 0:00:59]} 59. Rc8 {[%clk 0:01:09]}  Rxb7+ {[%clk 0:01:19]} 60. Kxb7 {[%clk 0:01:31]}  Ke5 {[%clk 0:01:44]} 61. Rc4 {[%clk 0:01:08]}  Kf5 {[%clk 0:01:58]} 62. Kc6 {[%clk 0:01:23]}  g4 {[%clk 0:02:22]} 63. Kd5 {[%clk 0:01:01]}  g3 {[%clk 0:02:29]} 64. Rh4 {[%clk 0:00:37]}  g2 {[%clk 0:01:56]} 65. Rh8 {[%clk 0:00:55]}  Kf4 {[%clk 0:01:56]} 66. Rf8+ {[%clk 0:00:50]}  Kg3 {[%clk 0:01:28]} 67. Rg8+ {[%clk 0:01:04]}  Kf2 {[%clk 0:01:19]} 68. Rf8+ {[%clk 0:01:23]}  Kg3 {[%clk 0:01:37]} 1/2-1/2

[Event "9 Round Open"]
[Site "Enniscrone, Sligo, IE"]
[Date "2026.02.07"]
[Round "8"]
[White "Melling, Jonathon"]
[Black "Dolan, Peter"]
[Result "1-0"]
[Board "12"]
[WhiteFideId "841790"]
[BlackFideId "2413612"]
[WhiteElo "1878"]
[BlackElo "1781"]
[WhiteTeam "IRL"]
[BlackTeam "SCO"]
[WhiteClock "0:00:00"]
[BlackClock "0:41:25"]
[Variant "Standard"]

1. d4 {[%clk 1:30:26]}  Nf6 {[%clk 1:28:47]} 2. Bf4 {[%clk 1:30:43]}  c5 {[%clk 1:29:08]} 3. e3 {[%clk 1:30:58]}  cxd4 {[%clk 1:29:27]} 4. exd4 {[%clk 1:31:23]}  Qb6 {[%clk 1:29:46]} 5. b3 {[%clk 1:27:03]}  d5 {[%clk 1:27:02]} 6. Nf3 {[%clk 1:26:58]}  Bg4 {[%clk 1:27:06]} 7. Be2 {[%clk 1:27:10]}  Nc6 {[%clk 1:25:11]} 8. Be3 {[%clk 1:26:52]}  e6 {[%clk 1:18:03]} 9. O-O {[%clk 1:27:02]}  Bd6 {[%clk 1:17:58]} 10. c4 {[%clk 1:22:07]}  Bxf3 {[%clk 1:13:43]} 11. Bxf3 {[%clk 1:22:30]}  dxc4 {[%clk 1:05:46]} 12. d5 {[%clk 1:21:16]}  Qc7 {[%clk 1:04:58]} 13. dxc6 {[%clk 1:21:11]}  Be5 {[%clk 1:04:48]} 14. Bd4 {[%clk 1:20:49]}  Rd8 {[%clk 1:04:41]} 15. Bxe5 {[%clk 1:21:02]}  Qxe5 {[%clk 1:04:58]} 16. Nd2 {[%clk 1:18:59]}  c3 {[%clk 1:04:21]} 17. Nc4 {[%clk 1:19:13]}  Rxd1 {[%clk 0:59:04]} 18. Nxe5 {[%clk 1:19:39]}  Rxa1 {[%clk 0:59:09]} 19. Rxa1 {[%clk 1:20:01]}  bxc6 {[%clk 0:59:30]} 20. Rc1 {[%clk 1:15:28]}  Nd5 {[%clk 0:59:17]} 21. Nxc6 {[%clk 1:14:42]}  Kd7 {[%clk 0:59:22]} 22. Ne5+ {[%clk 1:15:06]}  Ke7 {[%clk 0:59:30]} 23. Nc4 {[%clk 1:15:27]}  Ke8 {[%clk 0:41:25]} 24. Ne5 {[%clk 0:00:00]} 1-0

[Event "9 Round Open"]
[Site "Enniscrone, Sligo, IE"]
[Date "2026.02.07"]
[Round "8"]
[White "Vitiukov, Mikhail"]
[Black "Salmin, Vitaliy"]
[Result "0-1"]
[Board "13"]
[WhiteFideId "14168839"]
[BlackFideId "34147885"]
[WhiteElo "1650"]
[BlackElo "1802"]
[WhiteTeam "UKR"]
[BlackTeam "IRL"]
[WhiteClock "0:14:16"]
[BlackClock "0:29:24"]
[Variant "Standard"]

1. e4 {[%clk 1:30:30]}  c6 {[%clk 1:24:55]} 2. d4 {[%clk 1:31:08]}  d5 {[%clk 1:25:18]} 3. e5 {[%clk 1:31:34]}  c5 {[%clk 1:25:42]} 4. f4 {[%clk 1:31:45]}  Nc6 {[%clk 1:25:40]} 5. Bb5 {[%clk 1:32:11]}  Qa5+ {[%clk 1:25:21]} 6. Nc3 {[%clk 1:32:20]}  cxd4 {[%clk 1:16:10]} 7. Bxc6+ {[%clk 1:32:48]}  bxc6 {[%clk 1:16:26]} 8. Qxd4 {[%clk 1:33:13]}  e6 {[%clk 1:13:52]} 9. Bd2 {[%clk 1:30:00]}  Bc5 {[%clk 1:12:44]} 10. Na4 {[%clk 1:28:18]}  Bxd4 {[%clk 1:12:33]} 11. Bxa5 {[%clk 1:28:46]}  Be3 {[%clk 1:10:33]} 12. Nh3 {[%clk 1:29:08]}  Nh6 {[%clk 1:09:44]} 13. Ke2 {[%clk 1:28:10]}  Bd4 {[%clk 1:04:57]} 14. c3 {[%clk 1:28:18]}  Ba6+ {[%clk 1:05:06]} 15. Kf3 {[%clk 1:28:34]}  Bb6 {[%clk 1:04:18]} 16. Bxb6 {[%clk 1:28:00]}  axb6 {[%clk 1:04:45]} 17. Nxb6 {[%clk 1:28:24]}  Rb8 {[%clk 1:05:08]} 18. Na4 {[%clk 1:28:40]}  O-O {[%clk 1:03:15]} 19. Nc5 {[%clk 1:29:06]}  Bc8 {[%clk 1:02:05]} 20. Rhb1 {[%clk 1:28:55]}  f6 {[%clk 1:02:01]} 21. a4 {[%clk 1:26:54]}  fxe5 {[%clk 1:00:30]} 22. g3 {[%clk 1:27:08]}  exf4 {[%clk 0:59:26]} 23. Re1 {[%clk 1:03:48]}  e5 {[%clk 0:51:29]} 24. Ng5 {[%clk 0:38:16]}  e4+ {[%clk 0:49:14]} 25. Ncxe4 {[%clk 0:32:41]}  Bg4+ {[%clk 0:44:23]} 26. Kf2 {[%clk 0:31:14]}  Rxb2+ {[%clk 0:44:21]} 27. Kg1 {[%clk 0:31:18]}  dxe4 {[%clk 0:43:01]} 28. Rxe4 {[%clk 0:29:27]}  fxg3 {[%clk 0:39:12]} 29. hxg3 {[%clk 0:29:40]}  Bf3 {[%clk 0:39:23]} 30. Rf4 {[%clk 0:14:44]}  Rxf4 {[%clk 0:29:55]} 31. gxf4 {[%clk 0:14:39]}  Bd5 {[%clk 0:29:14]} 32. a5 {[%clk 0:13:56]}  Ng4 {[%clk 0:28:50]} 33. a6 {[%clk 0:13:59]}  Rg2+ {[%clk 0:28:59]} 34. Kf1 {[%clk 0:14:16]}  Nh2+ {[%clk 0:29:24]} 0-1

[Event "9 Round Open"]
[Site "Enniscrone, Sligo, IE"]
[Date "2026.02.07"]
[Round "8"]
[White "Kelbas, Dariy"]
[Black "Bienko, Jagoda"]
[Result "1-0"]
[Board "14"]
[WhiteFideId "34160515"]
[BlackFideId "1194569"]
[WhiteElo "1866"]
[BlackElo "1803"]
[WhiteTeam "UKR"]
[BlackTeam "AUT"]
[WhiteClock "0:33:18"]
[BlackClock "0:01:07"]
[Variant "Standard"]

1. Nf3 {[%clk 1:30:56]}  d5 {[%clk 1:30:45]} 2. e3 {[%clk 1:31:19]}  Nf6 {[%clk 1:31:09]} 3. b3 {[%clk 1:31:46]}  g6 {[%clk 1:31:09]} 4. Bb2 {[%clk 1:32:11]}  Bg7 {[%clk 1:31:35]} 5. d4 {[%clk 1:32:37]}  O-O {[%clk 1:31:55]} 6. Be2 {[%clk 1:32:59]}  b6 {[%clk 1:31:07]} 7. O-O {[%clk 1:33:19]}  Bb7 {[%clk 1:31:19]} 8. Nbd2 {[%clk 1:33:35]}  Nbd7 {[%clk 1:31:34]} 9. c4 {[%clk 1:33:44]}  c5 {[%clk 1:31:07]} 10. Rc1 {[%clk 1:32:13]}  Rc8 {[%clk 1:30:49]} 11. h3 {[%clk 1:31:59]}  h5 {[%clk 1:17:58]} 12. cxd5 {[%clk 1:27:54]}  Nxd5 {[%clk 1:13:22]} 13. Nc4 {[%clk 1:27:09]}  cxd4 {[%clk 1:10:23]} 14. Nxd4 {[%clk 1:25:55]}  Nc5 {[%clk 1:03:27]} 15. Bf3 {[%clk 1:24:23]}  Qd7 {[%clk 1:02:13]} 16. Be2 {[%clk 1:12:27]}  Rfd8 {[%clk 0:59:25]} 17. Qc2 {[%clk 1:10:17]}  Nb4 {[%clk 0:50:31]} 18. Qd2 {[%clk 1:06:06]}  Nd5 {[%clk 0:46:01]} 19. Rfd1 {[%clk 1:05:36]}  Ne4 {[%clk 0:38:35]} 20. Qe1 {[%clk 1:04:59]}  Qe8 {[%clk 0:33:24]} 21. a3 {[%clk 0:49:35]}  e5 {[%clk 0:23:51]} 22. Nf3 {[%clk 0:48:26]}  f6 {[%clk 0:23:34]} 23. b4 {[%clk 0:45:31]}  Bf8 {[%clk 0:18:55]} 24. Bd3 {[%clk 0:42:57]}  Nd6 {[%clk 0:16:18]} 25. Nxd6 {[%clk 0:43:06]}  Rxd6 {[%clk 0:16:07]} 26. Rxc8 {[%clk 0:42:54]}  Bxc8 {[%clk 0:15:57]} 27. Bc4 {[%clk 0:42:12]}  Be6 {[%clk 0:15:20]} 28. Qe2 {[%clk 0:40:12]}  Nc7 {[%clk 0:13:15]} 29. Rxd6 {[%clk 0:40:02]}  Bxd6 {[%clk 0:13:39]} 30. Bxe6+ {[%clk 0:40:19]}  Qxe6 {[%clk 0:13:49]} 31. Nh4 {[%clk 0:40:22]}  Kg7 {[%clk 0:11:00]} 32. Qc2 {[%clk 0:39:30]}  e4 {[%clk 0:12:04]} 33. g3 {[%clk 0:37:46]}  g5 {[%clk 0:06:51]} 34. Ng2 {[%clk 0:37:58]}  Be5 {[%clk 0:04:38]} 35. Bxe5 {[%clk 0:37:22]}  Qxe5 {[%clk 0:05:00]} 36. Qd1 {[%clk 0:37:42]}  Kg6 {[%clk 0:04:10]} 37. Qd8 {[%clk 0:36:53]}  Ne8 {[%clk 0:02:41]} 38. h4 {[%clk 0:36:25]}  Ng7 {[%clk 0:02:27]} 39. Qa8 {[%clk 0:36:09]}  a5 {[%clk 0:02:30]} 40. hxg5 {[%clk 0:36:14]}  fxg5 {[%clk 0:01:51]} 41. Qa6 {[%clk 0:36:10]}  Qa1+ {[%clk 0:00:36]} 42. Kh2 {[%clk 0:36:31]}  axb4 {[%clk 0:00:38]} 43. Qxb6+ {[%clk 0:36:54]}  Qf6 {[%clk 0:00:59]} 44. Qxb4 {[%clk 0:37:08]}  Qxf2 {[%clk 0:01:23]} 45. Qxe4+ {[%clk 0:37:15]}  Nf5 {[%clk 0:01:18]} 46. Qe5 {[%clk 0:36:35]}  g4 {[%clk 0:00:56]} 47. Qf4 {[%clk 0:33:25]}  Qf3 {[%clk 0:00:43]} 48. Qxf3 {[%clk 0:32:20]}  gxf3 {[%clk 0:01:03]} 49. Nh4+ {[%clk 0:32:28]}  Kf6 {[%clk 0:00:47]} 50. Nxf5 {[%clk 0:32:52]}  Kxf5 {[%clk 0:01:07]} 51. Kg1 {[%clk 0:33:18]} 1-0

[Event "9 Round Open"]
[Site "Enniscrone, Sligo, IE"]
[Date "2026.02.07"]
[Round "8"]
[White "Ranade, Akshay"]
[Black "Ashbrooke, Monika"]
[Result "1-0"]
[Board "15"]
[WhiteFideId "2515270"]
[BlackFideId "15600262"]
[BlackTitle "WCM"]
[WhiteElo "1723"]
[BlackElo "1628"]
[WhiteTeam "IRL"]
[BlackTeam "JCI"]
[WhiteClock "1:00:15"]
[BlackClock "0:55:06"]
[Variant "Standard"]

1. c4 {[%clk 1:28:36]}  f5 {[%clk 1:25:24]} 2. g3 {[%clk 1:28:36]}  Nf6 {[%clk 1:25:04]} 3. Bg2 {[%clk 1:28:24]}  e6 {[%clk 1:24:45]} 4. Nc3 {[%clk 1:25:06]}  Bb4 {[%clk 1:21:58]} 5. Nf3 {[%clk 1:22:48]}  O-O {[%clk 1:21:45]} 6. O-O {[%clk 1:23:10]}  Ne4 {[%clk 1:19:09]} 7. Nxe4 {[%clk 1:17:58]}  fxe4 {[%clk 1:19:32]} 8. Nd4 {[%clk 1:18:06]}  d5 {[%clk 1:19:26]} 9. cxd5 {[%clk 1:18:17]}  exd5 {[%clk 1:19:50]} 10. d3 {[%clk 1:16:29]}  Qf6 {[%clk 1:12:38]} 11. dxe4 {[%clk 1:15:09]}  dxe4 {[%clk 1:07:42]} 12. Qb3+ {[%clk 1:12:55]}  Kh8 {[%clk 1:05:13]} 13. Qxb4 {[%clk 1:12:35]}  Na6 {[%clk 1:05:15]} 14. Qc3 {[%clk 1:11:43]}  c5 {[%clk 1:03:22]} 15. Nb3 {[%clk 1:10:18]}  Qc6 {[%clk 1:01:44]} 16. Be3 {[%clk 1:09:13]}  b6 {[%clk 1:01:32]} 17. Rad1 {[%clk 1:04:00]}  Bg4 {[%clk 0:59:25]} 18. Rd2 {[%clk 1:04:14]}  Nb4 {[%clk 0:58:24]} 19. Qc4 {[%clk 1:02:00]}  Rae8 {[%clk 0:55:06]} 20. a3 {[%clk 1:00:15]} 1-0